000 00325nam a22001337a 4500
008 170602b xxu||||| |||| 00| 0 eng d
020 _a9780521458283
041 _aeng
080 _a94
100 _a17
101 _aSHH
245 _aTHE MODERN CASTLE IN ENGLAND AND WALES HISTO
_cPOUND.N.J.G
942 _2udc
_cBK
999 _c15558
_d15558